| 000 | 00384nam a2200145Ia 4500 | ||
|---|---|---|---|
| 008 | 231217s9999 xx 000 0 und d | ||
| 041 | _aEnglish | ||
| 082 | _a158.1 KIM;1 `R' | ||
| 100 | _aKim., Sang H | ||
| 245 | 0 | _a1001 ways to motivate yourself and others | |
| 260 |
_c1999 _bMumbai : Jaico, |
||
| 300 | _a175 | ||
| 650 | _a1001,ways,motivate,yourself,others | ||
| 942 | _cAA | ||
| 999 |
_c168675 _d168675 |
||